Volt-e Kassának magyar nemzeti jellege?

Bibliographic Details
Main Author: Ficeri, Ondrej, 1981- (Author)
Other Authors: Haraszty, Noémi (Translator)
Format: Article
Language:Hungarian
PhysicalDescription:Fotografie
ISSN:1339-0945
Subjects:

MARC

LEADER 00000nab a2200000 a 4500
001 vtls011779858
003 SK-MaSNL
005 20260318123728.0
008 180919|2018 xo m| | |00 0|hun
038 |a KEVKJB 
040 |a KEVKJB  |b slo  |e rda 
041 0 |a hun 
043 |a e-xo--- 
044 |a xo  |c SK 
072 7 |a 911  |x Všeobecná geografia. Systematická geografia  |2 konspekt 
080 |a 911.375(091)  |2 2011 
100 1 |a Ficeri, Ondrej,  |d 1981-  |4 aut  |9 52560 
245 1 0 |a Volt-e Kassának magyar nemzeti jellege?  |c Ondrej Ficeri ; preložila Haraszty Noémi 
300 |b Fotografie 
336 |a text  |b txt  |2 rdacontent 
337 |a bez média  |b n  |2 rdamedia 
338 |a zväzok  |b nc  |2 rdacarrier 
500 |a Reakcia na článok Vojtecha Kárpátyho v týždenníku Večer, 2018, č. 5, s. 2-3 
650 0 7 |a dejiny miest  |2 kevkjb  |9 164833 
650 0 7 |a maďarizácia  |2 kevkjb  |9 82594 
651 7 |a Košice (Slovensko)  |2 kevkjb  |9 18694 
700 1 |a Haraszty, Noémi  |4 trl  |9 1317511 
773 0 |t Kassai Figyelő  |g Évf. XVI, sz. 5 (2018), o. 9  |x 1339-0945 
852 |a KEVKJB  |b KIS3GCP 
958 |a HU 
958 |a NM 
999 |c 2653769  |d 2655699